000
00230nam a2200109Ia 4500
008
240625s9999 xx 000 0 und d
041
_a
eng
082
_a
005.54 THO
100
_a
THOMSON
245
_a
MIS COMPANION
260
_c
2003
999
_c
35053
_d
35053